00875pam a2200253 a 4500001000500000005001700005020001700022040002300039050002100062082000800083100002100091245007100112250003900183260003600222300005800258490004300316505000800359520014400367521002000511521002000531650003000551650002000581700002000601293420240124132606.0 a079808897488 aDLCcDLCdDLCbeng00aPZ7.B4483b 198800a4891 aBerenstain, Stan14aThe Berenstain bears and the double dare /cStan & Jan Berenstain. aThis edition was printing in 1988 aNew York :bRandom House,c1988 a29 unnumbered pages :bcolor illustrations ;c21 cm .1 a Berenstain Bears First Time vBook 28 aO  aBrother Bear feels excited about joining Too-Tall Grizzly's gang until the members dare him to steal one of Farmer Ben's juicy watermelons. a620 bLexile  aO bRaz-Plus  1aConduct of lifexFiction. 1aBearsxFiction.1 aBerenstain, Jan